00422nam a2200157Ia 4500008004100000020001800041050001400059100003100073245002300104245004800127260002000175260002100195260000900216300001400225300002500239180207s9999 xx 000 0 und d a9780811822992 bT481 1999 aThomsen, Kathleen Thorne-. 2aA shaker's dozen / cKathleen Thorne-Thomsen and Paul Rocheleau. aSan Francisco : bChronicle Books, c1999 aunpaged : bcolor illustration ;